[Event "FECAP-Jub30 corr"]
[Site "FECAP"]
[Date "2003.11.30"]
[Round "?"]
[White "Jacquin, Roberto Juan"]
[Black "Ortiz Elias, Jose Agustin"]
[Result "1-0"]
[WhiteElo "2397"]
[BlackElo "2469"]
[PlyCount "95"]
[EventDate "2002.06.15"]
[EventType "tourn (corr)"]
[EventRounds "14"]
[EventCountry "CUB"]
[SourceTitle "Corr 2008"]
[Source "ChessBase"]
[SourceDate "2008.06.24"]
[SourceVersion "1"]
[SourceVersionDate "2008.06.24"]
[SourceQuality "1"]

1. d4 Nf6 2. Nf3 e6 3. Bg5 h6 4. Bh4 d6 5. Nbd2 g5 6. Bg3 Nh5 7. e3 Bg7 8. c3 f5 9. Be2 0-0 10. Qb3 Qe8 11. 0-0-0 Nc6 12. Ne1 a5 13. Kb1 a4 14. Qc2 e5 15. Bc4+ Kh8 16. dxe5 Nxg3 17. hxg3 Nxe5 18. Bf1 Be6 19. Nd3 Qf7 20. a3 Nc4 21. Be2 Nxd2+ 22. Qxd2 Ba2+ 23. Ka1 Bb3 24. Rde1 Qe7 25. g4 Bg8 26. gxf5 Rxf5 27. f3 Qe6 28. Nc1 Re8 29. e4 Re5 30. Bd3 d5 31. Rd1 c6 32. Bb1 dxe4 33. Bxe4 g4 34. Rh4 gxf3 35. gxf3 Qf6 36. Rg4 R5e7 37. Rdg1 Rf8 38. Rg6 Qf4 39. Qg2 Qc7 40. Ne2 Bh7 41. Rg4 c5 42. Bxh7 Kxh7 43. Ng3 Rf4 44. Nh5 Rxg4 45. Qxg4 Kg8 46. Qxa4 Qc8 47. Qh4 Qe6 48. Nf4 1-0

[Event "LIPEAP-Cup3 fin corr"]
[Site "LIPEAP corr"]
[Date "2003.07.01"]
[Round "?"]
[White "Ortiz Elias, Jose Agustin"]
[Black "Soza de la Carrera, Jose"]
[Result "0-1"]
[WhiteElo "2461"]
[BlackElo "2505"]
[PlyCount "22"]
[EventDate "2003.07.01"]
[EventType "tourn (corr)"]
[EventRounds "10"]
[EventCountry "PER"]
[SourceTitle "Telechess CBM 120"]
[Source "ChessBase"]
[SourceDate "2007.10.02"]
[SourceVersion "1"]
[SourceVersionDate "2007.10.02"]
[SourceQuality "1"]

1. e4 e6 2. d4 d5 3. Nc3 Nf6 4. Bg5 Be7 5. e5 Nfd7 6. h4 Bxg5 7. hxg5 Qxg5 8. Qd3 g6 9. Nf3 Qe7 10. Qe3 Nc6 11. 0-0-0 Nb6 0-1

[Event "FECAP-Jub30 corr"]
[Site "FECAP"]
[Date "2003.04.02"]
[Round "?"]
[White "Espina Acevedo, Geraldo"]
[Black "Ortiz Elias, Jose Agustin"]
[Result "1/2-1/2"]
[WhiteElo "2427"]
[BlackElo "2469"]
[PlyCount "39"]
[EventDate "2002.06.15"]
[EventType "tourn (corr)"]
[EventRounds "14"]
[EventCountry "CUB"]
[SourceTitle "Corr 2008"]
[Source "ChessBase"]
[SourceDate "2008.06.24"]
[SourceVersion "1"]
[SourceVersionDate "2008.06.24"]
[SourceQuality "1"]

1. e4 c6 2. d4 d5 3. Nc3 dxe4 4. Nxe4 Bf5 5. Ng3 Bg6 6. N1e2 e6 7. h4 h6 8. Nf4 Bh7 9. Be3 Nf6 10. Bd3 Bxd3 11. Nxd3 Bd6 12. Qf3 Qa5+ 13. c3 Qd5 14. Qe2 Nbd7 15. Bf4 Bxf4 16. Nxf4 Qd6 17. Nd3 c5 18. Nf5 Qa6 19. dxc5 0-0 20. Ne7+ 1/2-1/2

[Event "LIPEAP jub30-A corr"]
[Site "LIPEAP corr"]
[Date "2002.10.05"]
[Round "?"]
[White "Figlio, Gino Franco"]
[Black "Ortiz Elias, Jose Agustin"]
[Result "1/2-1/2"]
[WhiteElo "2354"]
[BlackElo "2461"]
[PlyCount "62"]
[EventDate "2002.10.05"]
[EventType "tourn (corr)"]
[EventRounds "16"]
[EventCountry "ARG"]
[SourceTitle "Corr 2008"]
[Source "ChessBase"]
[SourceDate "2008.06.24"]
[SourceVersion "1"]
[SourceVersionDate "2008.06.24"]
[SourceQuality "1"]

1. e4 c6 2. d4 d5 3. Nc3 dxe4 4. Nxe4 Bf5 5. Ng3 Bg6 6. h4 h6 7. Nf3 Nd7 8. h5 Bh7 9. Bd3 Bxd3 10. Qxd3 e6 11. Bf4 Qa5+ 12. Bd2 Qc7 13. 0-0-0 Ngf6 14. Ne4 0-0-0 15. g3 Nxe4 16. Qxe4 Bd6 17. Qe2 Rhe8 18. Kb1 e5 19. Be3 Kb8 20. dxe5 Nxe5 21. Nxe5 Bxe5 22. Rhe1 Re6 23. c3 c5 24. Qc4 b6 25. Rd5 Rxd5 26. Qxd5 Qe7 27. Qd3 Bd6 28. Rd1 Qf6 29. a4 Bc7 30. Qd7 Bxg3 31. Bxc5 Bc7 1/2-1/2

[Event "LIPEAP jub30-A corr"]
[Site "LIPEAP corr"]
[Date "2002.10.05"]
[Round "?"]
[White "Toro Solis de Ovando, Guillermo F"]
[Black "Ortiz Elias, Jose Agustin"]
[Result "1-0"]
[WhiteElo "2607"]
[BlackElo "2461"]
[PlyCount "45"]
[EventDate "2002.10.05"]
[EventType "tourn (corr)"]
[EventRounds "16"]
[EventCountry "ARG"]
[SourceTitle "Corr 2008"]
[Source "ChessBase"]
[SourceDate "2008.06.24"]
[SourceVersion "1"]
[SourceVersionDate "2008.06.24"]
[SourceQuality "1"]

1. e4 c6 2. d4 d5 3. e5 c5 4. dxc5 e6 5. Be3 Nh6 6. Nf3 Nf5 7. Bg5 Qa5+ 8. c3 h6 9. b4 Qc7 10. Bd2 Nc6 11. Na3 Nxe5 12. Nb5 Qb8 13. Bf4 Nxf3+ 14. Qxf3 e5 15. Qe2 f6 16. Qh5+ Ke7 17. 0-0-0 Be6 18. Bd3 g6 19. Qxg6 Rg8 20. Qh5 Ng7 21. Qh4 exf4 22. Rhe1 a5 23. Nd4 1-0